Normal view
MARC view
- Barron's Educational Series, Inc
Entry Corporate Name
001 - CONTROL NUMBER
- control field: 46776
003 - CONTROL NUMBER IDENTIFIER
- control field: NUST
005 - DATE AND TIME OF LATEST TRANSACTION
- control field: 20210314133616.0
008 - FIXED-LENGTH DATA ELEMENTS
- fixed length control field: 210314|| aca||aabn | a|a d
040 ## - CATALOGING SOURCE
- Original cataloging agency: NUST
- Transcribing agency: NUST
110 ## - HEADING--CORPORATE NAME
- Corporate name or jurisdiction name as entry element: Barron's Educational Series, Inc
670 ## - SOURCE DATA FOUND
- Source citation: Work cat.: (NUST): Lougheed, Lin, 46775, Barron's IELTS :, c2006.
